Collected papers, (Record no. 79420)

MARC details
000 -LEADER
fixed length control field 00566cam a22002051 4500
001 - CONTROL NUMBER
control field sa 68003357
003 - CONTROL NUMBER IDENTIFIER
control field DLC
005 - DATE AND TIME OF LATEST TRANSACTION
control field 20260227112452.0
008 - FIXED-LENGTH DATA ELEMENTS--GENERAL INFORMATION
fixed length control field 710903s1933 ii b 000 0 eng
010 ## - LIBRARY OF CONGRESS CONTROL NUMBER
LC control number sa 68003357
040 ## - CATALOGING SOURCE
Original cataloging agency DLC
Transcribing agency DLC
Modifying agency DLC
050 00 - LIBRARY OF CONGRESS CALL NUMBER
Classification number RA790.5
Item number .B4
100 1# - MAIN ENTRY--PERSONAL NAME
Personal name Berkeley-Hill, Owen,
Dates associated with a name 1879-1944.
245 00 - TITLE STATEMENT
Title Collected papers,
Statement of responsibility, etc. by Owen A. R. Berkeley-Hill.
260 ## - PUBLICATION, DISTRIBUTION, ETC.
Place of publication, distribution, etc. Calcutta,
Name of publisher, distributor, etc. Book Co.,
Date of publication, distribution, etc. 1933.
300 ## - PHYSICAL DESCRIPTION
Extent viii, 309 p.
Dimensions 22 cm.
504 ## - BIBLIOGRAPHY, ETC. NOTE
Bibliography, etc. note Bibliographical footnotes.
650 #0 - SUBJECT ADDED ENTRY--TOPICAL TERM
Topical term or geographic name entry element Mental health.
650 #0 - SUBJECT ADDED ENTRY--TOPICAL TERM
Topical term or geographic name entry element Psychoanalysis.

No items available.

Powered by Koha